Riders on the wind : (Record no. 593233)

000 -LEADER
fixed length control field 01102cam a2200277 a 4500
001 - CONTROL NUMBER
control field 2993665
003 - CONTROL NUMBER IDENTIFIER
control field NUST
005 - DATE AND TIME OF LATEST TRANSACTION
control field 20230213102245.0
008 - FIXED-LENGTH DATA ELEMENTS--GENERAL INFORMATION
fixed length control field 920817s1992 pk 000 0deng
010 ## - LIBRARY OF CONGRESS CONTROL NUMBER
LC control number 92931057
020 ## - INTERNATIONAL STANDARD BOOK NUMBER
Canceled/invalid ISBN 3501683 :
Terms of availability Rs250.00
040 ## - CATALOGING SOURCE
Original cataloging agency DLC
Transcribing agency DLC
Modifying agency DLC
043 ## - GEOGRAPHIC AREA CODE
Geographic area code a-pk---
050 00 - LIBRARY OF CONGRESS CALL NUMBER
Classification number DS377
Item number .R35 1992
082 ## - DEWEY DECIMAL CLASSIFICATION NUMBER
Classification number 954.9143,RAS
100 1# - MAIN ENTRY--PERSONAL NAME
Personal name Rashid, Salman,
Dates associated with a name 1952-
9 (RLIN) 3759
245 10 - TITLE STATEMENT
Title Riders on the wind :
Remainder of title Travels through Pakistan /
Statement of responsibility, etc. Salman Rashid.
260 ## - PUBLICATION, DISTRIBUTION, ETC.
Place of publication, distribution, etc. Lahore, Pakistan :
Name of publisher, distributor, etc. Sang-e-Meel Publications,
Date of publication, distribution, etc. 1992.
300 ## - PHYSICAL DESCRIPTION
Extent 423 p. ;
Dimensions 23 cm.
505 ## - FORMATTED CONTENTS NOTE
Formatted contents note Sind (Page-13), Baluchistan (Page-113), Punjab (Page-163), Northwest Frontier Province and Northern Areas (Page-267), The little Railway bazar and other stories (Page-379).
600 10 - SUBJECT ADDED ENTRY--PERSONAL NAME
Personal name Rashid, Salman,
Dates associated with a name 1952-
General subdivision Travel
Geographic subdivision Pakistan.
9 (RLIN) 108926
651 #0 - SUBJECT ADDED ENTRY--GEOGRAPHIC NAME
Geographic name Pakistan
General subdivision Description and travel.
906 ## - LOCAL DATA ELEMENT F, LDF (RLIN)
a 7
b cbc
c orignew
d 3
e ncip
f 19
g y-gencatlg
942 ## - ADDED ENTRY ELEMENTS (KOHA)
Source of classification or shelving scheme
Koha item type Book
Call number prefix 954.9143,RAS
Holdings
Withdrawn status Lost status Source of classification or shelving scheme Damaged status Not for loan Permanent Location Current Location Shelving location Date acquired Total Checkouts Full call number Barcode Date last seen Price effective from Koha item type Public note
          Military College of Signals (MCS) Military College of Signals (MCS) General Stacks 02/13/2023   954.9143,RAS MCS37994 02/13/2023 02/13/2023 Book Almirah No. 62, Shelf No. 3
© 2023 Central Library, National University of Sciences and Technology. All Rights Reserved.